| 000 | 00483nam a22001457a 4500 | ||
|---|---|---|---|
| 008 | 181017b xxu||||| |||| 00| 0 eng d | ||
| 020 | _a9783943514926 | ||
| 082 |
_a708 _bN228i |
||
| 100 |
_aNavas, Ana _96738 |
||
| 245 | _aI had to think of you | ||
| 260 |
_aBerlín _bBom Dia Boa Tarde Boa Noite _c2017 |
||
| 300 |
_a47 p. _bill (col). _c22 cm |
||
| 650 |
_2Arte contemporáneo _xArte - exhibiciones _xArtistas plásticas _zArte - Ecuador _96739 |
||
| 710 |
_aGalerie Stadt Sindelfingen _96740 |
||
| 999 |
_c1642 _d1642 |
||